• 首页
  • 本馆介绍
  • 公告通知
  • 最新文献
  • 馆藏检索
  • 电子资源
  • 读者导购
  • 参考咨询
  • 我的图书馆
  • 登录
  • 详细信息显示
  • 放入我的书架
  • 预约/预借图书
  • 作者相关作品
  • 分类相关作品
  • 丛书相关作品
  • 出版社相关作品

书目信息

  • 表格格式
  • 工作单格式
  • 卡片格式
题名:
病理学
    
 
作者: 黄启福 , 王谦 主编
分册:  
出版信息: 北京   科学出版社  2013
页数: 322页
开本: 28cm
丛书名:
单 册:
中图分类: R36
科图分类:
主题词: 病理学--医学院校--教材 , 病理学
电子资源:
ISBN: 978-7-03-038060-9
000 01035nam0 2200277 450
001 012015000113
005 20150914160652.14
010    @a978-7-03-038060-9@dCNY65.00
100    @a20140429d2013 em y0chiy50 ea
101 0  @achi
102    @aCN@b110000
105    @aa z 001yy
106    @ar
200 1  @a病理学@Abing li xue@f黄启福,王谦主编
205    @a3版
210    @a北京@c科学出版社@d2013
215    @a322页@c彩图@d28cm
300    @a“十二五”普通高等教育本科国家级规划教材 全国高等医药院校规划教材 供五年制和七年制中医药类专业使用
330    @a本书分为总论和各论两部分。介绍了疾病发生、发展和转归的一般规律,细胞和组织的适应、损伤和修复,局部血液循环障碍,细胞信号转导系统与疾病,细胞凋亡与疾病,黏附分子与疾病,应激与疾病,水、电解质代谢紊乱,水肿,酸碱平衡和酸碱平衡紊乱等内容。
606 0  @a病理学@x医学院校@j教材
606 0  @a病理学
690    @aR36@v5
701  0 @a黄启福@Ahuang qi fu@4主编
701  0 @a王谦@Awang qian@c(女)@4主编
801  0 @aCN@b碧洲教育@c20150716
905    @a10447@f4@dR36@e239=3
    
    病理学/黄启福,王谦主编.-3版.-北京:科学出版社,2013
    322页:彩图;28cm
    “十二五”普通高等教育本科国家级规划教材 全国高等医药院校规划教材 供五年制和七年制中医药类专业使用
    
    ISBN 978-7-03-038060-9:CNY65.00
    本书分为总论和各论两部分。介绍了疾病发生、发展和转归的一般规律,细胞和组织的适应、损伤和修复,局部血液循环障碍,细胞信号转导系统与疾病,细胞凋亡与疾病,黏附分子与疾病,应激与疾病,水、电解质代谢紊乱,水肿,酸碱平衡和酸碱平衡紊乱等内容。
●
相关链接 在E读中查询图书 在五车中查询图书 在当当中查询图书 在豆瓣中查询图书


正题名:病理学     索取号:R36/239=3         预约/预借

序号 登录号 条形码 馆藏地/架位号 状态 备注
1 0870562   208705622   第二样本阅览室/ [索取号:R36/239=3] 在馆    
2 0870563   208705631   密集书库-生命科学系/ [索取号:R36/239=3] 在馆    
3 0870564   208705640   第三借阅区/ [索取号:R36/239=3] 在馆    
4 0870565   208705659   第三借阅区/ [索取号:R36/239=3] 在馆    
唐山师范学院图书馆 欢迎您!
大连网信软件有限公司© 版权所有